Airports in the Caribbean - Statistics

General Stats
  • This quiz has been taken 73 times
  • The average score is 13 of 20
Answer Stats
Hint Answer % Correct
V.C. Bird International Airport Antigua and Barbuda
84%
Robert L. Bradshaw Airport St Kitts and Nevis
80%
Queen Beatrix International Airport Aruba
76%
Grantley Adams International Airport Barbados
76%
Douglas-Charles Airport Dominica
76%
Hewanorra International Airport St Lucia
76%
Lynden Pindling International Airport Bahamas
68%
Maurice Bishop International Airport Grenada
68%
Norman Manley International Airport Jamaica
68%
Piarco International Airport Trinidad and Tobago
68%
Argyle International Airport St Vincent and the Grenadines
64%
Owen Roberts International Airport Cayman Islands
60%
Terrance B. Lettsome International Airport British Virgin Islands
56%
Toussaint Louverture International Airport Haiti
56%
Clayton J. Lloyd International Airport Anguilla
52%
Aimé Césaire International Airport Martinique
52%
Cyril E. King Airport US Virgin Islands
52%
Flamingo International Airport Bonaire
44%
Princess Juliana International Airport Sint Maarten
44%
L.F. Wade International Airport Bermuda
40%
No matching quizzes found
Score Distribution
Percent of People with Each Score
Percentile by Number Answered
Your Score History
You have not taken this quiz